Konsole PlayStation - Statystyki

Ogólne statystyki
  • Ten quiz został rozwiązany 113 razy
  • Średni wynik to 6 z 7
Statystyki odpowiedzi
Odpowiedź % Poprawnych
PlayStation
100%
PlayStation 2
98%
PlayStation 3
98%
PlayStation 4
98%
PlayStation 5
98%
PlayStation Portable
78%
PlayStation Vita
67%
Nie znaleziono quizów pasujących do podanych kryteriów
Rozkład punktacji
Procent ludzi z każdym wynikiem
Percentyl według liczby udzielonych odpowiedzi
Twoja historia wyników
Nie rozwiązałeś tego quizu